Ordinary differential equations: Principles and applications (Record no. 28214)

MARC details
000 -LEADER
fixed length control field 00491nam a2200169Ia 4500
008 - FIXED-LENGTH DATA ELEMENTS--GENERAL INFORMATION
fixed length control field 230917s9999||||xx |||||||||||||| ||und||
020 ## - ISBN
Price RS595
040 ## - CATALOGING SOURCE
-- 250006
Original cataloging agency VIVEKANANDA LIBRARY
041 ## - Language
-- English
082 ## - DDC NUMBER
Classification number 515.352 N153O
100 ## - MAIN ENTRY--PERSONAL NAME
Personal name Nandakumaran, A K
245 #0 - TITLE STATEMENT
Title Ordinary differential equations: Principles and applications
260 ## - PUBLICATION, DISTRIBUTION, ETC. (IMPRINT)
Place of publication, distribution, etc Delhi
Name of publisher, distributor, etc Cambridge University Press
Date of publication, distribution, etc 2017
300 ## - PHYSICAL DESCRIPTION
Pages xi, 328 p.
500 ## - GENERAL NOTE
General note 3266 05/09/2018 HBD18/7489 14/09/2018 UIET (SFS)
942 ## - ADDED ENTRY ELEMENTS (KOHA)
Koha item type Books
Holdings
Withdrawn status Lost status Damaged status Not for loan Location (home branch) Sublocation or collection (holding branch) Shelving location Date acquired Koha issues (times borrowed) Koha full call number Accession No. Koha date last seen Koha item type
        VIVEKANANDA LIBRARY VIVEKANANDA LIBRARY UIET Library 05/10/2018   515.352 N153O 385290 17/09/2023 Books
        VIVEKANANDA LIBRARY VIVEKANANDA LIBRARY UIET Library 05/10/2018   515.352 N153O 385291 17/09/2023 Books
        VIVEKANANDA LIBRARY VIVEKANANDA LIBRARY UIET Library 05/10/2018   515.352 N153O 385292 17/09/2023 Books
© Designed and Maintained by Vivekananda Library, MDU Rohtak